Reštaurácia s ubytovaním

Salvato in:
Dettagli Bibliografici
Autore principale: Lőrincz, Máté (Autore)
Altri autori: Palková, Adela (Relatore della tesi)
Natura: Manoscritto Libro
Lingua:slovacco
Pubblicazione: 2021
Soggetti:
Accesso online:http://is.stuba.sk/zp/portal_zp.pl?podrobnosti=159055
https://opac.crzp.sk/?fn=detailBiblioForm&sid=7E417B54B864B7C45E23F94635AB
Tags: Aggiungi Tag
Nessun Tag, puoi essere il primo ad aggiungerne!!

MARC

LEADER 00000ntm a22000003a 4500
001 stuzp85090
003 SK-STU
005 20230515095114.1
007 ta
008 150427s2015----xo-----f-mn---000-0-slo-d
040 |a STU  |b slo 
041 0 |a slo 
100 1 |a Lőrincz, Máté  |u 010180  |4 aut  |U SvF Stavebná fakulta  |T SvF Katedra konštrukcií pozemných stavieb  |X 81153  |U V180  |Y 18  |7 81153 
242 0 1 |a Restaurant with overnight stay  |y eng 
245 1 0 |a Reštaurácia s ubytovaním 
260 |c 2021 
650 4 |a reštaurácia  |2 slo 
650 4 |a krížom-lepené drevo  |2 slo 
650 4 |a zelená strecha  |2 slo 
650 4 |a Dunaj  |2 slo 
650 4 |a restaurant  |2 eng 
650 4 |a green roof  |2 eng 
650 4 |a Danube  |2 eng 
650 4 |a cross-laminated timber  |2 eng 
700 1 |a Palková, Adela  |u 010180  |k Z1  |4 ths  |U SvF Stavebná fakulta  |T SvF Katedra konštrukcií pozemných stavieb  |X 38081  |U V180  |Y 18  |7 A000038081 
856 4 |u http://is.stuba.sk/zp/portal_zp.pl?podrobnosti=159055 
856 4 |u https://opac.crzp.sk/?fn=detailBiblioForm&sid=7E417B54B864B7C45E23F94635AB